Fantastické a magické z hlediska psychiatrie

Bibliographic Details
Main Author: Vondráček, Vladimír, 1895-1978 (Author)
Format: Book
Language:Undetermined
PhysicalDescription:472 s.
Published: Praha Avicenum 1972

MARC

LEADER 00000nam a2200000 a 4500
001 vtls001287519
003 SK-MaSNL
005 20260302032636.0
008 240315s1972 xx 0 und
035 |a SNK000239100 
040 |a SNK  |b slo  |c SNK  |e AACR2 
100 1 |a Vondráček, Vladimír,  |d 1895-1978  |4 aut  |9 89838 
245 1 |a Fantastické a magické z hlediska psychiatrie 
260 |a Praha  |b Avicenum  |c 1972 
300 |a 472 s. 
958 |a OND 
999 |c 1057721  |d 1059651 
952 |t P60, <04>, [BOOK], {604}  |a SNK  |b SNK  |y VYP  |7 0  |p 17A0068299  |o snkIC 52400 D1  |0 0  |1 1  |4 0  |d 1997-05-19  |l 0  |r 2005-01-02 00:00:00  |w 2026-02-24 
952 |t P60, <04>, [BOOK], {604}  |a SNK  |b SNK  |y VYP  |7 0  |p 17A0252044  |o snkIC 52400  |0 0  |1 0  |4 0  |d 2000-09-18  |l 0  |r 2005-01-02 00:00:00  |w 2026-02-24